Normal view
MARC view
Entry Topical Term
001 - CONTROL NUMBER
- control field: 4267
003 - CONTROL NUMBER IDENTIFIER
- control field: OSt
005 - DATE AND TIME OF LATEST TRANSACTION
- control field: 20241216141924.0
008 - FIXED-LENGTH DATA ELEMENTS
- fixed length control field: 241216|| aca||aabn | a|a d
040 ## - CATALOGING SOURCE
- Original cataloging agency: OSt
- Transcribing agency: OSt
150 ## - HEADING--TOPICAL TERM
- Topical term or geographic name entry element: Evolutionary theories
670 ## - SOURCE DATA FOUND
- Source citation: Work cat.: (OSt)0: Malohradňanský, Paľo, 1934- aut 4264, O živote bez vedy (?), 2009